Filing and records management

Сохранить в:
Библиографические подробности
Главный автор: Place, Irene
Другие авторы: Popham, Estelle L.
Формат:
Опубликовано: New Jersey : Prentice-Hall., [1966]
Предметы:
Метки: Добавить метку
Нет меток, Требуется 1-ая метка записи!

MARC

LEADER 00000nam a2200000 4500
020 |a NA  |c TZs.88/- 
040 |a MUL  |b eng  |e AACR 
082 |a 651.53 PLA 
100 |a Place, Irene, 
245 |a Filing and records management  |c / Irene Place and Estelle L. Popham 
260 |a New Jersey :  |b Prentice-Hall.,  |c [1966] 
300 |a xiv, 290 p.;  |b ill.;  |c 24 cm. 
504 |a Includes index 
546 |a eng. 
650 |a Filing systems 
650 |a Information Systems 
650 |a Information storage and retrieval systems 
650 |a Records Management 
700 |a  Popham, Estelle L. 
942 |c BK 
999 |c 3270  |d 3270